[Event "Buryatia-ch 3rd"]
[Site "Ulan-Ude"]
[Date "2015.01.08"]
[Round "7"]
[White "Buldaev, Nikolay"]
[Black "Dashiev, Kim"]
[Result "0-1"]
[WhiteElo "2173"]
[BlackElo "2041"]
[PlyCount "100"]
[EventDate "2015.01.05"]
[EventType "swiss"]
[EventRounds "9"]
[EventCountry "RUS"]
[SourceTitle "CBM 164 Extra"]
[Source "ChessBase"]
[SourceDate "2015.03.02"]
[SourceVersion "1"]
[SourceVersionDate "2015.03.02"]
[SourceQuality "1"]

1. e4 c5 2. Nf3 e6 3. d4 cxd4 4. Nxd4 Nc6 5. Nc3 a6 6. Nxc6 bxc6 7. Bd3 Qc7 8. 0-0 Nf6 9. Be3 Be7 10. Na4 Rb8 11. c4 d6 12. Rc1 c5 13. b3 Bb7 14. Nc3 Rd8 15. Qe2 0-0 16. Bb1 h6 17. f4 Rfe8 18. Qc2 Ng4 19. Bd2 Bf6 20. e5 dxe5 21. h3 Qd6 22. fxe5 Qd4+ 23. Kh1 Bxg2+ 24. Kxg2 Qxd2+ 25. Qxd2 Rxd2+ 26. Kg3 Nxe5 27. Ne4 Rb2 28. Nxc5 Rd8 29. Rfd1 Rxd1 30. Rxd1 g5 31. Nxa6 h5 32. h4 g4 33. Nc5 Nxc4 34. Kf4 Nd2 35. Nd3 Rxb1 36. Rxd2 Bxh4 37. b4 Be7 38. Rc2 Kg7 39. Rc4 Bd6+ 40. Ke3 f5 41. Rc6 Bxb4 42. Rxe6 Bc3 43. Kf4 Rf1+ 44. Kg5 g3 45. Re7+ Kf8 46. Re2 Rf3 47. Nc5 Rf2 48. Ne6+ Ke7 49. Nf4+ Kf7 50. a4 Bd2 0-1

[Event "Buryatia-ch 3rd"]
[Site "Ulan-Ude"]
[Date "2015.01.08"]
[Round "8"]
[White "Buldaev, Nikolay"]
[Black "Irinchinov, Vladimir"]
[Result "1-0"]
[WhiteElo "2173"]
[BlackElo "1993"]
[PlyCount "121"]
[EventDate "2015.01.05"]
[EventType "swiss"]
[EventRounds "9"]
[EventCountry "RUS"]
[SourceTitle "CBM 164 Extra"]
[Source "ChessBase"]
[SourceDate "2015.03.02"]
[SourceVersion "1"]
[SourceVersionDate "2015.03.02"]
[SourceQuality "1"]

1. e4 c5 2. Nf3 d6 3. Bb5+ Bd7 4. Bxd7+ Qxd7 5. c4 Nf6 6. Nc3 Nc6 7. 0-0 e6 8. d4 cxd4 9. Nxd4 Be7 10. f3 Rc8 11. Bg5 a6 12. Nde2 0-0 13. b3 h6 14. Bh4 Rfd8 15. Bf2 d5 16. exd5 exd5 17. Bb6 Re8 18. Nxd5 Nxd5 19. Qxd5 Qxd5 20. cxd5 Nb4 21. Rad1 Bc5+ 22. Bxc5 Rxc5 23. Nf4 Rd8 24. a3 Nc2 25. Rc1 Rcc8 26. a4 Nd4 27. Rc4 Nf5 28. Rfc1 Nd6 29. Rxc8 Rxc8 30. Rxc8+ Nxc8 31. Kf2 Kf8 32. Ke3 Ke7 33. Kd4 Kd6 34. Nh5 g6 35. Nf6 Ne7 36. Ne4+ Kd7 37. Ke5 Nf5 38. Nc5+ Kc7 39. Kf6 Kd6 40. Nxb7+ Kxd5 41. Kxf7 Nh4 42. b4 Kc4 43. b5 axb5 44. a5 Kd5 45. Nd8 Kc5 46. Ne6+ Kc6 47. Nd4+ Kc5 48. a6 Kb6 49. g3 Nf5 50. Nxb5 Kxa6 51. Kxg6 Ne7+ 52. Kf7 Nc6 53. Nd6 Ne5+ 54. Kg7 Nxf3 55. h4 Kb6 56. Kxh6 Kc7 57. Nf7 Kd7 58. Kg6 Nd4 59. h5 Ne6 60. h6 Ke7 61. Ng5 1-0

[Event "Buryatia-ch 3rd"]
[Site "Ulan-Ude"]
[Date "2015.01.06"]
[Round "4"]
[White "Buldaev, Nikolay"]
[Black "Obolenskikh, Dmitry Aleksandrovi"]
[Result "0-1"]
[WhiteElo "2173"]
[BlackElo "2522"]
[PlyCount "112"]
[EventDate "2015.01.05"]
[EventType "swiss"]
[EventRounds "9"]
[EventCountry "RUS"]
[SourceTitle "CBM 164 Extra"]
[Source "ChessBase"]
[SourceDate "2015.03.02"]
[SourceVersion "1"]
[SourceVersionDate "2015.03.02"]
[SourceQuality "1"]

1. e4 e6 2. d4 d5 3. Nc3 Bb4 4. e5 Ne7 5. a3 Bxc3+ 6. bxc3 c5 7. Qg4 Kf8 8. Qd1 Qc7 9. Nf3 h6 10. Bd3 b6 11. 0-0 Ba6 12. a4 Bxd3 13. cxd3 cxd4 14. cxd4 Nbc6 15. Ba3 Rc8 16. Rc1 Kg8 17. Rc3 Kh7 18. Qc2 Qb7 19. Rc1 a6 20. h4 Rhd8 21. Qb2 Rd7 22. g3 Na7 23. Bxe7 Rxe7 24. Rxc8 Nxc8 25. Nd2 Rc7 26. Rxc7 Qxc7 27. Nb1 Qc6 28. Nc3 Ne7 29. Qb4 Nf5 30. Ne2 Qc2 31. Nf4 Qc1+ 32. Kg2 Nxh4+ 33. gxh4 Qxf4 34. Qxb6 Qg4+ 35. Kh2 Qxh4+ 36. Kg2 Qg4+ 37. Kh2 Qh5+ 38. Kg2 Qg6+ 39. Kh2 Qxd3 40. Kg2 Qe2 41. Kg3 h5 42. a5 Qd3+ 43. Kh2 h4 44. Kg1 Qd1+ 45. Kg2 Qg4+ 46. Kh2 Qf4+ 47. Kg2 Qg4+ 48. Kh2 h3 49. Qb1+ Kh6 50. Qf1 Kg5 51. f3 Qg2+ 52. Qxg2+ hxg2 53. Kxg2 Kf4 54. Kf2 f6 55. exf6 gxf6 56. Ke2 Kg3 0-1

[Event "Buryatia-ch 3rd"]
[Site "Ulan-Ude"]
[Date "2015.01.06"]
[Round "3"]
[White "Zhaltsanov, Igor"]
[Black "Buldaev, Nikolay"]
[Result "0-1"]
[WhiteElo "1941"]
[BlackElo "2173"]
[PlyCount "118"]
[EventDate "2015.01.05"]
[EventType "swiss"]
[EventRounds "9"]
[EventCountry "RUS"]
[SourceTitle "CBM 164 Extra"]
[Source "ChessBase"]
[SourceDate "2015.03.02"]
[SourceVersion "1"]
[SourceVersionDate "2015.03.02"]
[SourceQuality "1"]

1. e4 e5 2. Nf3 Nc6 3. Bb5 a6 4. Ba4 Nf6 5. 0-0 Be7 6. Re1 b5 7. Bb3 d6 8. c3 0-0 9. h3 Nb8 10. d4 Nbd7 11. Nbd2 Bb7 12. Bc2 Re8 13. Nf1 Bf8 14. Ng3 g6 15. Nh2 d5 16. dxe5 Nxe5 17. f4 Bc5+ 18. Kh1 Nc4 19. e5 Bf2 20. Rf1 Bxg3 21. exf6 Qxf6 22. Ng4 Qh4 23. Kg1 f5 24. Nh2 Ne3 25. Bxe3 Rxe3 26. Qd4 Qe7 27. b4 Bh4 28. Nf3 Bf6 29. Ne5 Re2 30. Bb3 Bxe5 31. fxe5 Qxe5 32. Rad1 c6 33. Qxe5 Rxe5 34. Kf2 Rae8 35. Rd2 Re3 36. Rc1 Kg7 37. c4 bxc4 38. Bxc4 dxc4 39. Rxc4 R8e7 40. Rd8 Re2+ 41. Kf1 Rxa2 42. Rcd4 c5 43. R4d7 Bxg2+ 44. Kg1 Kf7 45. bxc5 Bxh3 46. c6 Rc2 47. Rh8 Kf6 48. Rxe7 Kxe7 49. c7 Rxc7 50. Rxh7+ Kd6 51. Rxh3 Ke5 52. Re3+ Kf4 53. Re6 g5 54. Rxa6 Rc2 55. Ra4+ Kf3 56. Ra5 Kg4 57. Ra4+ f4 58. Kf1 Kg3 59. Ra3+ f3 0-1

[Event "Buryatia-ch Superfinal 2nd"]
[Site "Ulan-Ude"]
[Date "2014.01.11"]
[Round "9"]
[White "Andreev, Afrikan"]
[Black "Buldaev, Nikolay"]
[Result "0-1"]
[WhiteElo "2190"]
[BlackElo "2173"]
[PlyCount "114"]
[EventDate "2014.01.05"]
[EventType "swiss"]
[EventRounds "9"]
[EventCountry "RUS"]
[SourceTitle "EXT 2015"]
[Source "ChessBase"]
[SourceDate "2014.11.20"]
[SourceVersion "1"]
[SourceVersionDate "2014.11.20"]
[SourceQuality "1"]

1. d4 d5 2. c4 e6 3. Nc3 Be7 4. Nf3 Nf6 5. Bg5 h6 6. Bxf6 Bxf6 7. e3 0-0 8. Qd2 dxc4 9. Bxc4 c5 10. 0-0 cxd4 11. exd4 Nc6 12. Rad1 Qb6 13. Ne4 Bxd4 14. Nxd4 Rd8 15. Nxc6 Rxd2 16. Ne7+ Kf8 17. Nxc8 Rxc8 18. Nxd2 Qxb2 19. Bb3 b5 20. Nf3 a5 21. Rd2 Qa3 22. Re1 a4 23. Bd1 b4 24. h3 b3 25. axb3 axb3 26. Re3 Rb8 27. Kh2 g5 28. Rdd3 Qa2 29. Bxb3 Qxf2 30. Nd4 Qf4+ 31. Kg1 Kg7 32. g3 Qf6 33. Kg2 Rb4 34. Ne2 Qe7 35. Rf3 h5 36. Rfe3 Rb5 37. Nd4 Rc5 38. Bxe6 Qb7+ 39. Kf2 Rc1 40. Ne2 Ra1 41. Bd5 Qb1 42. Rf3 f6 43. Rb3 Qd1 44. Rb7+ Kh8 45. Rc3 Ra8 46. Bf3 Re8 47. Bxh5 Rxe2+ 48. Bxe2 Qd4+ 49. Re3 f5 50. Rb8+ Kg7 51. Rb5 f4 52. Rbe5 fxe3+ 53. Rxe3 Qc5 54. Bd3 Qd4 55. Ke2 g4 56. h4 Qb2+ 57. Kf1 Qd2 0-1

[Event "Buryatia-ch Superfinal 2nd"]
[Site "Ulan-Ude"]
[Date "2014.01.06"]
[Round "3"]
[White "Buldaev, Nikolay"]
[Black "Angarov, Dmitriy"]
[Result "1-0"]
[WhiteElo "2173"]
[BlackElo "1970"]
[PlyCount "97"]
[EventDate "2014.01.05"]
[EventType "swiss"]
[EventRounds "9"]
[EventCountry "RUS"]
[SourceTitle "EXT 2015"]
[Source "ChessBase"]
[SourceDate "2014.11.20"]
[SourceVersion "1"]
[SourceVersionDate "2014.11.20"]
[SourceQuality "1"]

1. e4 c5 2. Nf3 Nc6 3. Bb5 d6 4. 0-0 Bd7 5. c3 Nf6 6. Re1 a6 7. Bf1 Bg4 8. h3 Bxf3 9. Qxf3 e6 10. d3 Be7 11. Na3 0-0 12. Nc2 b5 13. b3 Re8 14. Bb2 Qb6 15. Rad1 d5 16. e5 Nd7 17. d4 Rac8 18. Ne3 cxd4 19. cxd4 Nb4 20. a3 Nc2 21. Nxc2 Rxc2 22. Rb1 Qa5 23. b4 Qc7 24. Bd3 Rc6 25. h4 Nb6 26. h5 Nc4 27. Bc1 f5 28. g3 a5 29. bxa5 Qxa5 30. Rf1 Qb6 31. Be3 Nxa3 32. Rb3 b4 33. Bxf5 exf5 34. Qxd5+ Re6 35. Qf3 Qa6 36. Qxf5 Qc4 37. Rd3 Qd5 38. Qg4 Nc4 39. f4 Nxe3 40. Rxe3 Ra6 41. f5 Ra2 42. Re4 Bg5 43. f6 gxf6 44. Rxf6 h6 45. Rxh6 Ra1+ 46. Kh2 Rxe5 47. dxe5 Qd2+ 48. Re2 Qc1 49. Qe6+ 1-0

[Event "Buryatia-ch"]
[Site "Ulan-Ude"]
[Date "2013.01.08"]
[Round "9"]
[White "Alexeev, Bayskhalan"]
[Black "Buldaev, Nikolay"]
[Result "1-0"]
[WhiteElo "1917"]
[BlackElo "2195"]
[PlyCount "65"]
[EventDate "2013.01.02"]
[EventType "swiss"]
[EventRounds "9"]
[EventCountry "RUS"]
[SourceTitle "CBM 152 Extra"]
[Source "ChessBase"]
[SourceDate "2013.02.25"]
[SourceVersion "1"]
[SourceVersionDate "2013.02.25"]
[SourceQuality "1"]

1. d4 d5 2. c4 e6 3. Nc3 Be7 4. cxd5 exd5 5. Bf4 Nf6 6. Qc2 c6 7. e3 Nh5 8. Bg3 0-0 9. Bd3 g6 10. Nge2 Re8 11. Nf4 Ng7 12. Rb1 a5 13. a3 Na6 14. 0-0 Nf5 15. Rfd1 Bd7 16. Rbc1 Nd6 17. e4 dxe4 18. Nxe4 Nxe4 19. Bxe4 Bd6 20. d5 Rc8 21. Qb1 c5 22. Ne2 Ba4 23. b3 Bb5 24. Nc3 Bxg3 25. hxg3 Bd7 26. d6 Rb8 27. Nd5 Re6 28. Ne7+ Kg7 29. Qd3 b5 30. Nc6 Bxc6 31. Bxc6 Qb6 32. Qxb5 Qa7 33. d7 1-0

[Event "Ulan-Ude VIII festival Baikal"]
[Site "Ulan-Ude"]
[Date "2012.07.01"]
[Round "9.2"]
[White "Buldaev, Nikolay"]
[Black "Badmatsyrenov, Oleg"]
[Result "0-1"]
[WhiteElo "2215"]
[BlackElo "2453"]
[PlyCount "66"]
[EventDate "2012.06.26"]
[EventType "swiss"]
[EventRounds "9"]
[EventCountry "RUS"]
[SourceTitle "EXT 2022"]
[Source "ChessBase"]
[SourceDate "2021.10.06"]
[SourceVersion "1"]
[SourceVersionDate "2021.10.06"]
[SourceQuality "1"]

1. e4 c5 2. Nf3 e6 3. d4 cxd4 4. Nxd4 a6 5. Bd3 Bc5 6. Nb3 Be7 7. Qg4 g6 8. Qe2 d6 9. 0-0 Nd7 10. Na3 Ne5 11. Nc4 Nxc4 12. Bxc4 Qc7 13. a4 Nf6 14. a5 0-0 15. Be3 e5 16. f4 Bg4 17. Qd3 Rac8 18. Nd2 d5 19. exd5 Bf5 20. Qb3 Ng4 21. Kh1 Bxc2 22. Qb6 Nxe3 23. Qxe3 exf4 24. Qc3 Bf5 25. Rae1 Rfe8 26. b3 Bh4 27. Rxe8+ Rxe8 28. Qd4 Qd6 29. Rxf4 Bd8 30. Ne4 Qxf4 31. Nf6+ Bxf6 32. Qxf4 Re1+ 33. Bf1 Bd3 0-1

[Event "Ulan-Ude VIII festival Baikal"]
[Site "Ulan-Ude"]
[Date "2012.06.29"]
[Round "7.7"]
[White "Buldaev, Nikolay"]
[Black "Malanova, Aryuna"]
[Result "1-0"]
[WhiteElo "2215"]
[BlackElo "1793"]
[PlyCount "50"]
[EventDate "2012.06.26"]
[EventType "swiss"]
[EventRounds "9"]
[EventCountry "RUS"]
[SourceTitle "EXT 2022"]
[Source "ChessBase"]
[SourceDate "2021.10.06"]
[SourceVersion "1"]
[SourceVersionDate "2021.10.06"]
[SourceQuality "1"]

1. e4 e5 2. Nf3 Nc6 3. Bb5 a6 4. Ba4 Nf6 5. 0-0 Be7 6. Re1 b5 7. Bb3 d6 8. c3 0-0 9. h3 Na5 10. Bc2 c5 11. d4 Nd7 12. Nbd2 exd4 13. cxd4 Nc6 14. Nf1 Bf6 15. d5 Nce5 16. N3h2 Nc4 17. Rb1 Bd4 18. Ng3 Qh4 19. Nf3 Qxg3 20. Nxd4 Qe5 21. Nf5 b4 22. b3 Na3 23. Bb2 Qf4 24. g3 Qg5 25. h4 Qg4 1-0

[Event "Ulan-Ude VIII festival Baikal"]
[Site "Ulan-Ude"]
[Date "2012.06.28"]
[Round "5.3"]
[White "Buldaev, Nikolay"]
[Black "Badmatsyrenov, Alexander"]
[Result "0-1"]
[WhiteElo "2215"]
[BlackElo "2249"]
[PlyCount "96"]
[EventDate "2012.06.26"]
[EventType "swiss"]
[EventRounds "9"]
[EventCountry "RUS"]
[SourceTitle "EXT 2022"]
[Source "ChessBase"]
[SourceDate "2021.10.06"]
[SourceVersion "1"]
[SourceVersionDate "2021.10.06"]
[SourceQuality "1"]

1. e4 d5 2. exd5 Nf6 3. Nf3 Qxd5 4. Nc3 Qa5 5. d4 c6 6. Bc4 Bf5 7. 0-0 e6 8. Ne2 Bd6 9. Ng3 Bg6 10. Nh4 Nbd7 11. c3 Nh5 12. b4 Qd8 13. Qg4 Nxg3 14. fxg3 Nf6 15. Qf3 Qd7 16. Nxg6 hxg6 17. Bg5 Nd5 18. Rae1 0-0 19. h4 f5 20. b5 Rab8 21. Bb3 Nc7 22. bxc6 bxc6 23. Re2 Rfe8 24. g4 Nd5 25. c4 Nc7 26. h5 Be7 27. Be3 gxh5 28. gxf5 exf5 29. Qxh5 Bf6 30. d5 cxd5 31. Bxa7 Rxe2 32. Qxe2 Re8 33. Qf2 dxc4 34. Bxc4+ Ne6 35. Be3 g6 36. g4 Qa4 37. Qf4 Kf8 38. Qh6+ Ke7 39. Qh7+ Kd6 40. Be2 Qe4 41. Qa7 Bd4 42. Bxd4 Nxd4 43. Qb6+ Ke5 44. Qc7+ Kf6 45. Qd6+ Kg5 46. Bd1 Rh8 47. Qg3 Rh1+ 48. Kf2 f4 0-1

[Event "Ulan-Ude op"]
[Site "Ulan-Ude"]
[Date "2010.01.23"]
[Round "6"]
[White "Buldaev, Nikolay"]
[Black "Obolenskikh, Dmitry Aleksandrovi"]
[Result "1/2-1/2"]
[WhiteElo "2231"]
[BlackElo "2435"]
[PlyCount "107"]
[EventDate "2010.01.19"]
[EventType "swiss"]
[EventRounds "9"]
[EventCountry "RUS"]
[SourceTitle "CBM 134 Extra"]
[Source "ChessBase"]
[SourceDate "2010.03.03"]
[SourceVersion "1"]
[SourceVersionDate "2010.03.03"]
[SourceQuality "1"]

1. e4 e6 2. d4 d5 3. Nc3 Bb4 4. e5 Ne7 5. a3 Bxc3+ 6. bxc3 c5 7. Qg4 0-0 8. Bd3 f5 9. exf6 Rxf6 10. Bg5 Rf7 11. Qg3 Nbc6 12. Nf3 Qa5 13. Bd2 c4 14. Be2 Qa4 15. Ra2 Bd7 16. Ng5 Rf6 17. Qc7 Nd8 18. 0-0 Rc8 19. Qg3 Nf5 20. Qh3 h6 21. Nf3 Nc6 22. Ne5 Nxe5 23. dxe5 Rff8 24. Kh1 Qc6 25. Raa1 Be8 26. Qg4 Qc7 27. Bf4 Ba4 28. Bd1 Qe7 29. Rb1 Kh7 30. Rb4 Be8 31. Be2 b5 32. Bc1 a5 33. Rb1 Rb8 34. Bb2 Bg6 35. Rbe1 Qf7 36. Bc1 Ne7 37. Bd1 Nc6 38. Qg3 Be4 39. Qh4 Qg6 40. Qh3 Bf5 41. g4 Be4+ 42. f3 Bxc2 43. Bxc2 Qxc2 44. f4 d4 45. f5 d3 46. Bxh6 Rb7 47. Qh5 Kg8 48. f6 d2 49. Bxg7 Rxg7 50. fxg7 Kxg7 51. Qg5+ Kh7 52. Qh5+ Kg7 53. Qg5+ Kh7 54. Qh5+ 1/2-1/2

[Event "Ulan-Ude op"]
[Site "Ulan-Ude"]
[Date "2010.01.22"]
[Round "4"]
[White "Buldaev, Nikolay"]
[Black "Galsanov, Balzhinima"]
[Result "1-0"]
[WhiteElo "2231"]
[BlackElo "2051"]
[PlyCount "73"]
[EventDate "2010.01.19"]
[EventType "swiss"]
[EventRounds "9"]
[EventCountry "RUS"]
[SourceTitle "CBM 134 Extra"]
[Source "ChessBase"]
[SourceDate "2010.03.03"]
[SourceVersion "1"]
[SourceVersionDate "2010.03.03"]
[SourceQuality "1"]

1. e4 c5 2. Nf3 d6 3. d4 cxd4 4. Nxd4 Nf6 5. Nc3 a6 6. Be2 Nc6 7. 0-0 Bd7 8. Be3 e6 9. f4 Be7 10. a4 0-0 11. Nb3 Rc8 12. a5 Qc7 13. g4 Qb8 14. g5 Ne8 15. Na4 Bd8 16. Qd2 Na7 17. c4 Bxa4 18. Rxa4 Nc6 19. Nd4 Qc7 20. b4 Qd7 21. Raa1 Qc7 22. Kh1 Nxd4 23. Qxd4 Qc6 24. b5 axb5 25. cxb5 Qc3 26. a6 bxa6 27. bxa6 Qxd4 28. Bxd4 Nc7 29. Rfc1 Be7 30. Rc6 e5 31. fxe5 Ne6 32. Rxc8 Rxc8 33. a7 Ra8 34. Rb1 Rf8 35. Rb8 Nc7 36. Rb7 Ne6 37. Bb6 1-0

[Event "Ulan Ude Vakarin Memorial-A Rating"]
[Site "Ulan-Ude"]
[Date "2009.06.01"]
[Round "5"]
[White "Buldaev, Nikolay"]
[Black "Khantuev, Alexander"]
[Result "1/2-1/2"]
[WhiteElo "2254"]
[BlackElo "2342"]
[PlyCount "95"]
[EventDate "2009.06.01"]
[EventType "tourn"]
[EventRounds "8"]
[EventCountry "RUS"]
[SourceTitle "EXT 2022"]
[Source "ChessBase"]
[SourceDate "2021.10.06"]
[SourceVersion "1"]
[SourceVersionDate "2021.10.06"]
[SourceQuality "1"]

1. e4 e6 2. d4 d5 3. Nc3 Nf6 4. e5 Nfd7 5. f4 c5 6. Nf3 a6 7. Be3 Qb6 8. Na4 Qa5+ 9. c3 cxd4 10. b4 Qc7 11. Bxd4 Nc6 12. a3 Be7 13. Bd3 b5 14. Nb2 Nxd4 15. cxd4 Qc3+ 16. Qd2 Qxd2+ 17. Kxd2 Nb6 18. Rhc1 Bd7 19. Be2 Nc4+ 20. Kc3 a5 21. Kb3 0-0 22. Nd3 Ra7 23. Nc5 Bc6 24. Ne1 g5 25. g3 Bxc5 26. dxc5 f6 27. Nd3 fxe5 28. Nxe5 Nxe5 29. fxe5 Rf5 30. Bg4 Rxe5 31. Re1 Re4 32. Bxe6+ Kg7 33. Bf5 Rxe1 34. Rxe1 axb4 35. axb4 d4 36. Kc2 Ra4 37. Rb1 Ra2+ 38. Kd3 Rxh2 39. Kxd4 Rf2 40. Ke5 h5 41. Kd6 Bg2 42. Bd7 Rd2+ 43. Kc7 Be4 44. Re1 Bd3 45. Rh1 Rb2 46. Rxh5 Rxb4 47. Rxg5+ Kf6 48. Rd5 1/2-1/2

[Event "Ulan Ude Vakarin Memorial-A Rating"]
[Site "Ulan-Ude"]
[Date "2009.06.01"]
[Round "4"]
[White "Buldaev, Nikolay"]
[Black "Radnaev, Anatoly"]
[Result "0-1"]
[WhiteElo "2254"]
[BlackElo "2058"]
[PlyCount "54"]
[EventDate "2009.06.01"]
[EventType "tourn"]
[EventRounds "8"]
[EventCountry "RUS"]
[SourceTitle "EXT 2022"]
[Source "ChessBase"]
[SourceDate "2021.10.06"]
[SourceVersion "1"]
[SourceVersionDate "2021.10.06"]
[SourceQuality "1"]

1. e4 e6 2. d4 b6 3. Nf3 Bb7 4. Bd3 c5 5. c3 Be7 6. 0-0 Nf6 7. Qe2 d5 8. e5 Nfd7 9. a3 a5 10. c4 dxc4 11. Bxc4 0-0 12. Rd1 Qc8 13. Nc3 cxd4 14. Nxd4 Nc5 15. Bf4 a4 16. Rac1 Nc6 17. Ndb5 Na5 18. Nd6 Bxd6 19. Rxd6 Nxc4 20. Qxc4 Ba6 21. Nb5 Qb7 22. Rcd1 Rac8 23. Qb4 h6 24. Nc3 Rc6 25. Nxa4 Nxa4 26. Qxa4 Rc4 27. Qb3 Rxf4 0-1

[Event "Ulan Ude Vakarin Memorial-A Rating"]
[Site "Ulan-Ude"]
[Date "2009.06.01"]
[Round "6"]
[White "Khantuev, Alexander"]
[Black "Buldaev, Nikolay"]
[Result "1-0"]
[WhiteElo "2342"]
[BlackElo "2254"]
[PlyCount "93"]
[EventDate "2009.06.01"]
[EventType "tourn"]
[EventRounds "8"]
[EventCountry "RUS"]
[SourceTitle "EXT 2022"]
[Source "ChessBase"]
[SourceDate "2021.10.06"]
[SourceVersion "1"]
[SourceVersionDate "2021.10.06"]
[SourceQuality "1"]

1. e4 e5 2. Nf3 Nc6 3. d4 exd4 4. Nxd4 Nf6 5. Nxc6 bxc6 6. e5 Qe7 7. Qe2 Nd5 8. c4 Ba6 9. b3 0-0-0 10. Bb2 Qb4+ 11. Qd2 Qxd2+ 12. Nxd2 Nb4 13. Kd1 c5 14. a3 Nc6 15. Kc2 Bb7 16. Nf3 Be7 17. Bd3 g5 18. Bf5 h5 19. Rhe1 Rhg8 20. Nd2 g4 21. Ne4 Nd4+ 22. Bxd4 cxd4 23. b4 Bxe4+ 24. Bxe4 f5 25. Bd5 Rgf8 26. c5 c6 27. Bb3 f4 28. Kd3 Bh4 29. Ra2 g3 30. hxg3 fxg3 31. f3 Rf4 32. e6 Re8 33. Rae2 dxe6 34. Re5 Rh8 35. Rxe6 Rf6 36. Rxf6 Bxf6 37. Re6 Rh6 38. Rxc6+ Kb7 39. Bd5 Kb8 40. Be6 Be5 41. Rc8+ Kb7 42. Bh3 Ra6 43. Ke4 Bc7 44. b5 Rxa3 45. Rg8 a5 46. Kxd4 a4 47. Rg7 1-0

[Event "Sibiria Region-ch"]
[Site "Novokuznetsk"]
[Date "2008.03.21"]
[Round "9"]
[White "Andreev, Afrikan"]
[Black "Buldaev, Nikolay"]
[Result "0-1"]
[WhiteElo "2295"]
[BlackElo "2206"]
[PlyCount "47"]
[EventDate "2008.03.13"]
[EventType "swiss"]
[EventRounds "9"]
[EventCountry "RUS"]
[SourceTitle "CBM 123 Extra"]
[Source "ChessBase"]
[SourceDate "2008.05.06"]
[SourceVersion "1"]
[SourceVersionDate "2008.05.06"]
[SourceQuality "1"]

1. d4 d5 2. c4 e6 3. Nc3 Be7 4. Nf3 Nf6 5. e3 0-0 6. Bd3 b6 7. cxd5 exd5 8. Ne5 c5 9. 0-0 Bb7 10. f4 Nc6 11. Qf3 Rc8 12. Bd2 a6 13. g4 Ne4 14. Nxe4 dxe4 15. Bxe4 Nxd4 16. Qg2 Bxe4 17. Qxe4 Ne2+ 18. Kh1 Qxd2 19. Rad1 Qxb2 20. Rd7 Bf6 21. Nc4 Nc3 22. Qf3 Qe2 23. Qxe2 Nxe2 24. Nxb6 0-1

[Event "Sibiria Region-ch"]
[Site "Novokuznetsk"]
[Date "2008.03.15"]
[Round "3"]
[White "Gankin, Stanislav"]
[Black "Buldaev, Nikolay"]
[Result "1/2-1/2"]
[WhiteElo "2308"]
[BlackElo "2206"]
[PlyCount "100"]
[EventDate "2008.03.13"]
[EventType "swiss"]
[EventRounds "9"]
[EventCountry "RUS"]
[SourceTitle "CBM 123 Extra"]
[Source "ChessBase"]
[SourceDate "2008.05.06"]
[SourceVersion "1"]
[SourceVersionDate "2008.05.06"]
[SourceQuality "1"]

1. e4 e5 2. Bc4 Nf6 3. d3 Bc5 4. Nf3 d6 5. 0-0 0-0 6. h3 c6 7. Bb3 b5 8. c3 Nbd7 9. Re1 Bb6 10. Nbd2 a5 11. Nf1 a4 12. Bc2 Re8 13. Ng3 a3 14. d4 axb2 15. Bxb2 Nf8 16. a4 Qc7 17. axb5 Rxa1 18. Bxa1 cxb5 19. Bd3 Bd7 20. Qe2 exd4 21. Nxd4 d5 22. Bxb5 Nxe4 23. Bxd7 Nxd7 24. Qb5 Re5 25. Nxe4 dxe4 26. Qc6 Qxc6 27. Nxc6 Rc5 28. Nd4 f5 29. Rb1 g6 30. Rb3 Kf7 31. Bb2 Rc4 32. Ne2 g5 33. g3 Ke6 34. Bc1 h6 35. h4 Kf6 36. hxg5+ hxg5 37. Rb4 Rc6 38. g4 Ne5 39. gxf5 Nc4 40. Kg2 Nd6 41. Ng3 Ba5 42. Nxe4+ Nxe4 43. Rxe4 Kxf5 44. Rd4 Bxc3 45. Rd5+ Be5 46. Bxg5 Ke4 47. Rb5 Rg6 48. f3+ Kd4 49. Rb4+ Kd5 50. Rg4 Ke6 1/2-1/2

[Event "Buryatia-ch"]
[Site "Ulan-Ude"]
[Date "2006.12.08"]
[Round "7"]
[White "Buldaev, Nikolay"]
[Black "Zhabanov, Zhambal"]
[Result "1-0"]
[WhiteElo "2196"]
[BlackElo "1994"]
[PlyCount "86"]
[EventDate "2006.12.02"]
[EventType "swiss"]
[EventRounds "9"]
[EventCountry "RUS"]
[SourceTitle "EXT 2008"]
[Source "ChessBase"]
[SourceDate "2007.11.25"]
[SourceVersion "1"]
[SourceVersionDate "2007.11.25"]
[SourceQuality "1"]

1. e4 c5 2. Nf3 e6 3. d4 cxd4 4. Nxd4 Nf6 5. Nc3 Nc6 6. Be2 Bb4 7. Nxc6 bxc6 8. 0-0 Bxc3 9. bxc3 Qc7 10. f4 Nxe4 11. Bd3 Qb6+ 12. Kh1 Nf2+ 13. Rxf2 Qxf2 14. Ba3 c5 15. Be4 Rb8 16. Qd6 Rb5 17. c4 Ra5 18. Qc7 Rxa3 19. Qxc8+ Ke7 20. Qxh8 Re3 21. h3 Re1+ 22. Rxe1 Qxe1+ 23. Kh2 Qxe4 24. Qxg7 Qxf4+ 25. Kg1 e5 26. Qxh7 e4 27. Qh5 d6 28. Qe2 Qc1+ 29. Kh2 e3 30. Kg3 Qd2 31. Kf3 Kd7 32. g4 Qd4 33. Qxe3 Qxc4 34. Qb3 Qf1+ 35. Kg3 Qe1+ 36. Kf4 Qe5+ 37. Kf3 Qf6+ 38. Kg3 Kc7 39. Qf3 Qe6 40. h4 Qxa2 41. Qf5 Kd8 42. h5 Qc4 43. Qf6+ Ke8 1-0